Largest World Cities by Number of Letters - Statistics

General Stats
  • This quiz has been taken 10 times
  • The average score is 30 of 40
Answer Stats
Pop (m) Country Answer % Correct
4.23 mil Ethiopia Addis Ababa
100%
23.39 mil India Delhi
100%
11.87 mil Bangladesh Dhaka
100%
2.74 mil Morocco Fez
100%
21.85 mil DRC Kinshasa
100%
15.44 mil India Kolkata
100%
14.89 mil Nigeria Lagos
100%
14.06 mil Pakistan Lahore
100%
12.00 mil Peru Lima
100%
9.02 mil Mexico Mexico City
100%
13.40 mil Russia Moscow
100%
21.78 mil India Mumbai
100%
10.32 mil Japan Tokyo
100%
5.52 mil Egypt Alexandria
89%
21.57 mil China Beijing
89%
11.67 mil India Hyderabad
89%
15.83 mil Turkey Istanbul
89%
21.43 mil Pakistan Karachi
89%
12.01 mil Brazil São Paulo
89%
24.72 mil China Shanghai
89%
9.88 mil Iran Tehran
89%
11.75 mil China Wuhan
89%
13.11 mil India Chennai
78%
18.52 mil China Guangzhou
78%
10.74 mil China Xi’an
78%
10.59 mil India Ahmedabad
67%
15.57 mil India Bengaluru
67%
15.83 mil China Chengdu
67%
17.51 mil Nigeria Kano
67%
7.89 mil India Pune
67%
10.93 mil China Chongqing
56%
4.61 mil Egypt Giza
56%
1.52 mil India Goa
56%
2.53 mil Nigeria Aba
33%
3.96 mil Pakistan Faisalabad
33%
1.20 mil Iran Qom
33%
20.62 mil China Shenzhen
22%
4.41 mil Yemen Al Hudaydah
11%
10.67 mil China Foshan
11%
0.51 mil Egypt Qus
0%
No matching quizzes found
Score Distribution
Percent of People with Each Score
Percentile by Number Answered
Your Score History
You have not taken this quiz